Govt. of
Madhya Pradesh

कौन रोएगा आपकी मृत्‍यु पर ( दि मंक हू सोल्‍ड हिज फरारी से जीवन के उपदेश ) (Record no. 68380)

MARC details
000 -LEADER
fixed length control field 00515nam a22001097a 4500
082 ## - DEWEY DECIMAL CLASSIFICATION NUMBER
Classification number 080
100 ## - MAIN ENTRY--AUTHOR NAME
Personal name शर्मा,रॉबिन
245 ## - TITLE STATEMENT
Title कौन रोएगा आपकी मृत्‍यु पर ( दि मंक हू सोल्‍ड हिज फरारी से जीवन के उपदेश )
260 ## - PUBLICATION, DISTRIBUTION, ETC. (IMPRINT)
Place of publication नई दिल्‍ली
Name of publisher जयको पब्लिकेशन हाउस
Year of publication 2024
650 ## - SUBJECT ADDED ENTRY--TOPICAL TERM
Topical Term सेल्‍फ बुक
942 ## - ADDED ENTRY ELEMENTS (KOHA)
Koha item type Hindi Books
Holdings
Withdrawn status Lost status Damaged status Not for loan Home library Current library Date acquired Cost, normal purchase price Full call number Accession Number Price effective from Koha item type
        MACL MACL 25/10/2025 225.00 080 DPI004046 25/10/2025 Hindi Books